000 00508 a2200157 4500
999 _c8389
_d8389
020 _a9780435193089
050 _aPR2839 WOR 2000
100 _aWorrall, Andrew
_eeditor
245 _aThe winter's tale /
_cAndrew Worrall, additional notes and activities by Rob Chambers and Ken Elliott
264 _aOxford :
_bHeinemann Educational Publishers,
_c2000.
300 _a273p. :
440 _aHeinemann Advanced Shakespeare Series
500 _aA play
650 _aEnglish play
942 _2lcc
_cBK
_h2839
_iWOR
_kPR